[Event "V4 OPEN - International Championship of Slovakia 2
[Site "Banska Stiavnica"]
[Date "2013.07.14"]
[Round "9"]
[Board "13"]
[White "Korpa, Bence"]
[Black "Macak, Stefan"]
[Result "1-0"]
[WhiteElo "2308"]
[BlackElo "2374"]
[PlyCount "0"]
[EventDate "2013.07.06"]
[EventRounds "9"]
[EventCountry "SVK"]

1. e4 {[%clk 1:30:58]} e6 {[%clk 1:28:01]} 2. d4 {[%clk 1:31:17]} d5
{[%clk 1:28:15]} 3. Nc3 {[%clk 1:31:37]} Bb4 {[%clk 1:28:34]} 4. e5
{[%clk 1:31:57]} c5 {[%clk 1:28:46]} 5. a3 {[%clk 1:32:18]} Ba5 {[%clk 1:28:53]}
6. b4 {[%clk 1:23:31]} cxd4 {[%clk 1:27:57]} 7. Nb5 {[%clk 1:18:15]} Bc7
{[%clk 1:28:18]} 8. f4 {[%clk 1:16:45]} Bd7 {[%clk 1:23:37]} 9. Nxd4
{[%clk 1:10:25]} Ba4 {[%clk 1:22:29]} 10. Ngf3 {[%clk 1:05:57]} Ne7
{[%clk 1:20:43]} 11. Bd3 {[%clk 1:02:33]} Nbc6 {[%clk 1:17:19]} 12. Nxc6
{[%clk 0:59:53]} bxc6 {[%clk 1:13:39]} 13. Be3 {[%clk 0:57:49]} Bb6
{[%clk 1:12:04]} 14. Qd2 {[%clk 0:57:36]} O-O {[%clk 1:07:01]} 15. Bc5
{[%clk 0:54:00]} Bxc5 {[%clk 1:03:26]} 16. bxc5 {[%clk 0:54:21]} Rb8
{[%clk 1:03:09]} 17. O-O {[%clk 0:53:27]} Bb5 {[%clk 0:53:54]} 18. g4
{[%clk 0:43:32]} Bxd3 {[%clk 0:47:14]} 19. cxd3 {[%clk 0:43:46]} Rb5
{[%clk 0:46:09]} 20. Nd4 {[%clk 0:38:44]} Qa5 {[%clk 0:43:41]} 21. Qf2
{[%clk 0:34:47]} Rb7 {[%clk 0:43:43]} 22. f5 {[%clk 0:21:54]} exf5
{[%clk 0:43:04]} 23. Nxf5 {[%clk 0:17:40]} Nxf5 {[%clk 0:42:26]} 24. gxf5
{[%clk 0:18:04]} Qc3 {[%clk 0:41:40]} 25. Qe3 {[%clk 0:09:29]} Re8
{[%clk 0:36:21]} 26. Rae1 {[%clk 0:09:10]} d4 {[%clk 0:34:17]} 27. Qe4
{[%clk 0:08:05]} Qxc5 {[%clk 0:33:47]} 28. f6 {[%clk 0:06:28]} g6
{[%clk 0:32:31]} 29. Rf2 {[%clk 0:03:14]} Rd7 {[%clk 0:23:01]} 30. Qf4
{[%clk 0:02:37]} Re6 {[%clk 0:19:25]} 31. Rb1 {[%clk 0:01:34]} Rd8
{[%clk 0:19:06]} 32. Re2 {[%clk 0:01:46]} Qxa3 {[%clk 0:12:48]} 33. Rb7
{[%clk 0:02:09]} a5 {[%clk 0:08:39]} 34. Re7 {[%clk 0:02:14]} Qa1+
{[%clk 0:05:28]} 35. Kf2 {[%clk 0:02:37]} 1-0

[Event "V4 OPEN - International Championship of Slovakia 2
[Site "Banska Stiavnica"]
[Date "2013.07.14"]
[Round "9"]
[Board "14"]
[White "Nemeth, Denes"]
[Black "Bombek, Peter"]
[Result "1-0"]
[WhiteElo "2257"]
[BlackElo "2227"]
[PlyCount "0"]
[EventDate "2013.07.06"]
[EventRounds "9"]
[EventCountry "SVK"]

1. d4 {[%clk 1:27:46]} d5 {[%clk 1:30:54]} 2. Nf3 {[%clk 1:28:04]} Nf6
{[%clk 1:31:18]} 3. c4 {[%clk 1:28:19]} e6 {[%clk 1:31:02]} 4. g3
{[%clk 1:28:14]} dxc4 {[%clk 1:31:20]} 5. Bg2 {[%clk 1:28:21]} a6
{[%clk 1:31:12]} 6. a4 {[%clk 1:23:56]} c5 {[%clk 1:30:09]} 7. O-O
{[%clk 1:15:24]} Nc6 {[%clk 1:30:24]} 8. dxc5 {[%clk 1:11:50]} Qxd1
{[%clk 1:28:50]} 9. Rxd1 {[%clk 1:12:15]} Bxc5 {[%clk 1:29:12]} 10. Nbd2
{[%clk 1:08:50]} c3 {[%clk 1:22:38]} 11. bxc3 {[%clk 1:08:40]} Bd7
{[%clk 1:19:10]} 12. Ng5 {[%clk 1:00:32]} Na5 {[%clk 1:12:37]} 13. Nge4
{[%clk 0:49:36]} Be7 {[%clk 1:12:32]} 14. Nxf6+ {[%clk 0:45:17]} gxf6
{[%clk 1:10:19]} 15. Ba3 {[%clk 0:39:16]} Bxa3 {[%clk 0:55:37]} 16. Rxa3
{[%clk 0:39:41]} Ke7 {[%clk 0:53:10]} 17. Nb3 {[%clk 0:29:19]} Nc4
{[%clk 0:44:38]} 18. Ra2 {[%clk 0:29:30]} Bc6 {[%clk 0:36:01]} 19. Bxc6
{[%clk 0:23:15]} bxc6 {[%clk 0:36:25]} 20. Rd4 {[%clk 0:22:30]} Nb6
{[%clk 0:35:56]} 21. Nc5 a5 {[%clk 0:32:41]} 22. Rb2 {[%clk 0:16:29]} Rab8
{[%clk 0:32:24]} 23. c4 Rhd8 {[%clk 0:27:44]} 24. Rxd8 {[%clk 0:13:37]} Kxd8
{[%clk 0:24:40]} 25. Na6 {[%clk 0:13:53]} Rb7 {[%clk 0:20:47]} 26. c5
{[%clk 0:14:15]} 1-0

[Event "V4 OPEN - International Championship of Slovakia 2
[Site "Banska Stiavnica"]
[Date "2013.07.14"]
[Round "9"]
[Board "15"]
[White "Dolnak, Michal"]
[Black "Likavsky, Tomas"]
[Result "1/2-1/2"]
[WhiteElo "2167"]
[BlackElo "2458"]
[PlyCount "0"]
[EventDate "2013.07.06"]
[EventRounds "9"]
[EventCountry "SVK"]

1. d4 {[%clk 1:30:58]} d6 {[%clk 1:28:30]} 2. c4 {[%clk 1:30:27]} g6
{[%clk 1:28:46]} 3. Nf3 {[%clk 1:30:10]} Bg7 {[%clk 1:28:53]} 4. g3
{[%clk 1:29:19]} Nd7 {[%clk 1:29:10]} 5. Bg2 {[%clk 1:29:34]} e5 {[%clk 1:29:33]}
6. Nc3 {[%clk 1:25:17]} Ne7 {[%clk 1:27:41]} 7. O-O {[%clk 1:23:44]} O-O
{[%clk 1:28:01]} 8. e4 {[%clk 1:23:28]} exd4 {[%clk 1:28:24]} 9. Nxd4
{[%clk 1:23:39]} Nc6 {[%clk 1:28:48]} 10. Nde2 {[%clk 1:19:26]} a5
{[%clk 1:28:06]} 11. b3 {[%clk 1:13:32]} a4 {[%clk 1:28:11]} 12. Be3
{[%clk 1:12:31]} Nc5 {[%clk 1:24:33]} 13. Rc1 {[%clk 1:00:53]} Nb4
{[%clk 1:10:03]} 14. Bd4 {[%clk 0:49:53]} axb3 {[%clk 0:52:48]} 15. axb3
{[%clk 0:48:35]} Bg4 {[%clk 0:47:27]} 16. f3 {[%clk 0:40:34]} Be6
{[%clk 0:47:41]} 17. Bxg7 {[%clk 0:29:12]} Kxg7 {[%clk 0:48:08]} 18. h3
{[%clk 0:25:47]} f6 {[%clk 0:41:48]} 19. Nd4 {[%clk 0:21:34]} Bf7
{[%clk 0:41:25]} 20. f4 {[%clk 0:19:46]} c6 {[%clk 0:35:22]} 21. Kh2
{[%clk 0:18:00]} Qb6 {[%clk 0:33:47]} 22. Rb1 {[%clk 0:16:53]} Rfe8
{[%clk 0:33:40]} 23. Nc2 {[%clk 0:15:30]} Na2 {[%clk 0:20:10]} 24. Na4
{[%clk 0:06:59]} Nxa4 {[%clk 0:20:28]} 25. bxa4 {[%clk 0:07:25]} Qc7
{[%clk 0:20:02]} 26. Qd4 {[%clk 0:05:58]} Rxa4 {[%clk 0:15:16]} 27. Ne3
{[%clk 0:06:07]} b5 {[%clk 0:15:12]} 28. Ng4 {[%clk 0:04:06]} Qe7
{[%clk 0:15:11]} 29. e5 {[%clk 0:03:21]} fxe5 {[%clk 0:08:29]} 30. fxe5
{[%clk 0:03:46]} dxe5 {[%clk 0:08:51]} 31. Qd2 {[%clk 0:03:35]} Bxc4
{[%clk 0:08:18]} 32. Bxc6 {[%clk 0:02:45]} Rd8 {[%clk 0:03:23]} 33. Qh6+
{[%clk 0:02:31]} Kh8 {[%clk 0:03:22]} 34. Bxb5 {[%clk 0:01:51]} Bxf1
{[%clk 0:03:15]} 35. Bxa4 {[%clk 0:02:02]} Be2 {[%clk 0:02:50]} 36. Nxe5
{[%clk 0:02:07]} Bd3 {[%clk 0:01:16]} 37. Rf1 {[%clk 0:00:55]} Qg7
{[%clk 0:00:46]} 38. Qxg7+ {[%clk 0:00:56]} Kxg7 {[%clk 0:01:13]} 39. Rd1
{[%clk 0:01:09]} Nc3 {[%clk 0:01:25]} 40. Rxd3 {[%clk 0:01:19]} 1/2-1/2

[Event "V4 OPEN - International Championship of Slovakia 2
[Site "Banska Stiavnica"]
[Date "2013.07.14"]
[Round "9"]
[Board "16"]
[White "Manik, Mikulas"]
[Black "Kalisky, Vladimir"]
[Result "1-0"]
[WhiteElo "2412"]
[BlackElo "2195"]
[PlyCount "0"]
[EventDate "2013.07.06"]
[EventRounds "9"]
[EventCountry "SVK"]

1. e4 {[%clk 1:30:38]} e5 {[%clk 1:30:52]} 2. Nf3 {[%clk 1:30:35]} Nc6
{[%clk 1:31:16]} 3. d4 {[%clk 1:30:44]} exd4 {[%clk 1:31:36]} 4. Nxd4
{[%clk 1:31:09]} Bb4+ {[%clk 1:32:00]} 5. c3 {[%clk 1:31:10]} Bc5
{[%clk 1:32:26]} 6. Be3 {[%clk 1:30:17]} Bb6 {[%clk 1:32:51]} 7. Nf5
{[%clk 1:28:31]} Bxe3 {[%clk 1:33:15]} 8. Nxe3 {[%clk 1:28:55]} Nf6
{[%clk 1:33:28]} 9. f3 {[%clk 1:28:59]} O-O {[%clk 1:33:32]} 10. c4
{[%clk 1:27:04]} d6 {[%clk 1:33:57]} 11. Nc3 {[%clk 1:27:14]} a6 {[%clk 1:27:07]}
12. Qd2 {[%clk 1:23:59]} Re8 {[%clk 1:19:07]} 13. O-O-O {[%clk 1:21:16]} Bd7
{[%clk 1:16:46]} 14. Kb1 {[%clk 1:16:52]} Rb8 {[%clk 1:16:29]} 15. Ncd5
{[%clk 1:04:47]} Ne5 {[%clk 1:00:43]} 16. Nxf6+ {[%clk 1:01:49]} Qxf6
{[%clk 1:01:07]} 17. Nd5 {[%clk 1:02:11]} Qd8 {[%clk 0:59:03]} 18. f4
{[%clk 1:01:43]} Ng4 {[%clk 0:55:33]} 19. Bd3 {[%clk 0:50:46]} c6
{[%clk 0:51:29]} 20. Ne3 {[%clk 0:46:47]} Nf6 {[%clk 0:39:15]} 21. Rhe1
{[%clk 0:42:21]} b5 {[%clk 0:35:13]} 22. cxb5 {[%clk 0:39:59]} axb5
{[%clk 0:35:19]} 23. Bc2 {[%clk 0:39:54]} Ra8 {[%clk 0:26:29]} 24. Qxd6
{[%clk 0:37:12]} Qa5 {[%clk 0:26:27]} 25. a3 {[%clk 0:23:43]} Rad8
{[%clk 0:20:30]} 26. e5 {[%clk 0:20:49]} Bg4 {[%clk 0:18:27]} 27. Qxc6
{[%clk 0:21:10]} Rc8 {[%clk 0:15:32]} 28. Qd6 {[%clk 0:19:20]} Bxd1
{[%clk 0:14:40]} 29. Rxd1 {[%clk 0:17:00]} Red8 {[%clk 0:13:53]} 30. Qe7
{[%clk 0:16:34]} Rxd1+ {[%clk 0:13:14]} 31. Bxd1 {[%clk 0:15:44]} Ne4
{[%clk 0:08:16]} 32. e6 {[%clk 0:15:26]} f6 {[%clk 0:07:01]} 33. Qf7+
{[%clk 0:08:16]} Kh8 {[%clk 0:07:26]} 34. e7 {[%clk 0:05:14]} Qa8
{[%clk 0:07:22]} 35. Nf5 {[%clk 0:04:40]} Rg8 {[%clk 0:06:49]} 36. Bf3
{[%clk 0:03:48]} g6 {[%clk 0:06:06]} 37. Nd6 {[%clk 0:04:05]} 1-0

[Event "V4 OPEN - International Championship of Slovakia 2
[Site "Banska Stiavnica"]
[Date "2013.07.14"]
[Round "9"]
[Board "17"]
[White "Milcova, Zuzana"]
[Black "Farkas, Gabor"]
[Result "0-1"]
[WhiteElo "2061"]
[BlackElo "2359"]
[PlyCount "0"]
[EventDate "2013.07.06"]
[EventRounds "9"]
[EventCountry "SVK"]

1. e4 {[%clk 1:30:58]} e6 {[%clk 1:23:05]} 2. Nf3 {[%clk 1:30:59]} c5
{[%clk 1:23:29]} 3. c3 {[%clk 1:30:14]} d5 {[%clk 1:23:33]} 4. exd5
{[%clk 1:30:09]} Qxd5 {[%clk 1:23:56]} 5. d4 {[%clk 1:30:06]} Nc6
{[%clk 1:24:19]} 6. Be2 {[%clk 1:29:43]} cxd4 {[%clk 1:24:42]} 7. cxd4
{[%clk 1:30:04]} Nf6 {[%clk 1:25:04]} 8. O-O {[%clk 1:30:20]} Be7
{[%clk 1:25:27]} 9. Nc3 {[%clk 1:29:55]} Qd6 {[%clk 1:25:50]} 10. Nb5
{[%clk 1:25:32]} Qd8 {[%clk 1:25:27]} 11. Bf4 {[%clk 1:22:04]} Nd5
{[%clk 1:25:12]} 12. Bg3 {[%clk 1:22:21]} a6 {[%clk 1:24:12]} 13. Nc3
{[%clk 1:22:29]} O-O {[%clk 1:23:46]} 14. Rc1 {[%clk 1:17:09]} Bd6
{[%clk 1:21:07]} 15. Ne5 {[%clk 1:09:24]} Nxc3 {[%clk 1:17:42]} 16. Rxc3
{[%clk 1:02:09]} Nb4 {[%clk 1:18:01]} 17. Bc4 {[%clk 1:01:42]} b5
{[%clk 1:16:37]} 18. a3 {[%clk 0:59:57]} bxc4 {[%clk 1:16:48]} 19. axb4
{[%clk 1:00:21]} Bb7 {[%clk 1:16:29]} 20. Rxc4 {[%clk 0:59:51]} Bd5
{[%clk 1:14:58]} 21. Rc3 {[%clk 0:54:27]} Bxb4 {[%clk 1:14:59]} 22. Nc6
{[%clk 0:54:38]} Bxc6 {[%clk 1:15:23]} 23. Rxc6 {[%clk 0:55:06]} Qd5
{[%clk 1:15:42]} 24. Qa4 {[%clk 0:52:04]} a5 {[%clk 1:14:42]} 25. Rd1
{[%clk 0:47:53]} Rac8 {[%clk 1:14:32]} 26. Rxc8 {[%clk 0:47:11]} Rxc8
{[%clk 1:14:56]} 27. f3 {[%clk 0:46:40]} h6 {[%clk 1:14:47]} 28. Bf2
{[%clk 0:31:37]} Kf8 {[%clk 1:15:04]} 29. h3 {[%clk 0:29:33]} Ke7
{[%clk 1:15:10]} 30. Ra1 {[%clk 0:23:53]} Qc6 {[%clk 1:13:54]} 31. Qxc6
{[%clk 0:15:09]} Rxc6 {[%clk 1:14:18]} 32. Be1 {[%clk 0:15:30]} Bxe1
{[%clk 1:13:52]} 33. Rxe1 {[%clk 0:15:59]} Rc4 {[%clk 1:14:07]} 34. d5
{[%clk 0:15:42]} Kd6 {[%clk 1:11:05]} 35. dxe6 {[%clk 0:16:01]} fxe6
{[%clk 1:11:29]} 36. Rd1+ {[%clk 0:11:41]} Ke5 {[%clk 1:11:14]} 37. Rd2
{[%clk 0:10:50]} Rd4 {[%clk 1:10:53]} 38. Rc2 {[%clk 0:10:43]} Kd5
{[%clk 1:10:56]} 39. Rc7 {[%clk 0:07:36]} Rb4 {[%clk 1:09:54]} 40. Rd7+
{[%clk 0:01:00]} Kc4 {[%clk 1:10:07]} 41. Rxg7 {[%clk 0:01:15]} Kb3
{[%clk 1:10:24]} 42. Rg6 {[%clk 0:01:01]} Kxb2 {[%clk 1:07:44]} 43. Rxe6
{[%clk 0:11:52]} a4 {[%clk 1:37:46]} 44. Kh2 {[%clk 0:05:57]} a3 {[%clk 1:37:58]}
45. Rxh6 {[%clk 0:05:16]} a2 {[%clk 1:38:10]} 46. Ra6 {[%clk 0:05:41]} a1=Q
{[%clk 1:38:30]} 47. Rxa1 {[%clk 0:06:07]} Kxa1 {[%clk 1:38:53]} 48. g4
{[%clk 0:06:16]} Kb2 {[%clk 1:39:14]} 49. Kg3 {[%clk 0:06:04]} Kc3
{[%clk 1:39:32]} 50. h4 {[%clk 0:05:52]} Kd4 {[%clk 1:39:03]} 51. Kf4
{[%clk 0:06:00]} Kd5+ {[%clk 1:38:45]} 52. Kf5 {[%clk 0:06:12]} Kd6
{[%clk 1:39:07]} 53. h5 {[%clk 0:03:30]} Ke7 {[%clk 1:39:30]} 54. f4
{[%clk 0:03:16]} Kf7 {[%clk 1:39:45]} 55. Ke5 {[%clk 0:02:40]} Rb5+
{[%clk 1:39:55]} 56. Ke4 {[%clk 0:02:58]} Ra5 {[%clk 1:39:54]} 57. Kd4
{[%clk 0:02:06]} Ra1 {[%clk 1:40:04]} 58. Ke5 {[%clk 0:02:18]} Ra5+
{[%clk 1:40:16]} 59. Kd4 {[%clk 0:02:11]} Ke6 {[%clk 1:40:35]} 60. Ke4
{[%clk 0:02:04]} Ra1 {[%clk 1:40:21]} 61. Ke3 {[%clk 0:01:01]} Rg1
{[%clk 1:40:29]} 62. Kf3 {[%clk 0:01:24]} Kf6 {[%clk 1:40:49]} 63. h6
{[%clk 0:00:57]} Rh1 {[%clk 1:40:58]} 64. Kg2 {[%clk 0:00:46]} Ra1
{[%clk 1:41:23]} 65. Kf3 {[%clk 0:01:00]} Rg1 {[%clk 1:41:20]} 66. g5+
{[%clk 0:00:56]} Kf5 {[%clk 1:41:37]} 67. Ke3 {[%clk 0:00:41]} Rg4
{[%clk 1:41:50]} 68. Kd3 {[%clk 0:00:41]} Rxf4 {[%clk 1:42:07]} 69. h7
{[%clk 0:01:04]} Rh4 {[%clk 1:42:32]} 70. g6 {[%clk 0:01:31]} Kxg6
{[%clk 1:42:57]} 0-1

[Event "V4 OPEN - International Championship of Slovakia 2
[Site "Banska Stiavnica"]
[Date "2013.07.14"]
[Round "9"]
[Board "18"]
[White "Haring, Viktor"]
[Black "Jarmula, Lukasz"]
[Result "0-1"]
[WhiteElo "2060"]
[BlackElo "2261"]
[PlyCount "0"]
[EventDate "2013.07.06"]
[EventRounds "9"]
[EventCountry "SVK"]

1. e4 {[%clk 1:30:13]} c5 {[%clk 1:30:54]} 2. Nf3 {[%clk 1:30:16]} d6
{[%clk 1:31:18]} 3. d4 {[%clk 1:30:38]} cxd4 {[%clk 1:31:41]} 4. Nxd4
{[%clk 1:30:56]} Nf6 {[%clk 1:32:06]} 5. Nc3 {[%clk 1:31:05]} e6 {[%clk 1:32:15]}
6. Be3 {[%clk 1:27:52]} Be7 {[%clk 1:31:26]} 7. Be2 {[%clk 1:26:50]} O-O
{[%clk 1:31:48]} 8. f4 {[%clk 1:22:56]} Nc6 {[%clk 1:31:12]} 9. Qd2
{[%clk 1:20:07]} a6 {[%clk 1:23:10]} 10. O-O-O {[%clk 1:14:26]} Qc7
{[%clk 1:21:37]} 11. g4 {[%clk 1:01:12]} Nxd4 {[%clk 1:09:53]} 12. Bxd4
{[%clk 1:00:30]} b5 {[%clk 1:06:31]} 13. g5 {[%clk 0:52:33]} Nd7 {[%clk 1:06:46]}
14. f5 {[%clk 0:42:05]} b4 {[%clk 1:00:41]} 15. Nb1 {[%clk 0:37:45]} Nc5
{[%clk 0:47:59]} 16. f6 {[%clk 0:30:07]} b3 {[%clk 0:46:43]} 17. Bc4
{[%clk 0:15:13]} bxc2 {[%clk 0:19:52]} 18. Qxc2 {[%clk 0:15:13]} Bd8
{[%clk 0:20:15]} 19. fxg7 {[%clk 0:14:28]} Re8 {[%clk 0:20:31]} 20. Bf6
{[%clk 0:09:26]} d5 {[%clk 0:14:03]} 21. Bd3 {[%clk 0:01:46]} Qf4+
{[%clk 0:04:56]} 22. Nd2 {[%clk 0:01:37]} Qe3 {[%clk 0:04:55]} 23. Bf1 Nxe4
{[%clk 0:03:53]} 24. Bd3 {[%clk 0:00:44]} Ba5 {[%clk 0:02:49]} 25. Bxe4
{[%clk 0:00:40]} dxe4 {[%clk 0:01:59]} 26. Rhe1 {[%clk 0:00:37]} Qf2
{[%clk 0:01:09]} 27. Nxe4 {[%clk 0:00:36]} Qf4+ {[%clk 0:01:13]} 28. Kb1
{[%clk 0:00:33]} Bb7 {[%clk 0:00:57]} 29. Bc3 {[%clk 0:00:34]} Bxc3
{[%clk 0:01:17]} 30. Nxc3 {[%clk 0:00:57]} Qxg5 {[%clk 0:01:27]} 31. Rg1
{[%clk 0:01:09]} Qh4 {[%clk 0:01:14]} 32. Rd7 {[%clk 0:00:37]} Bc6
{[%clk 0:01:03]} 33. Rd6 {[%clk 0:00:46]} Rac8 {[%clk 0:01:14]} 34. Qd2
{[%clk 0:00:40]} Red8 {[%clk 0:01:01]} 35. Ka1 {[%clk 0:00:44]} Qe7
{[%clk 0:00:38]} 36. Rxd8+ {[%clk 0:00:43]} Qxd8 {[%clk 0:00:48]} 37. Qh6
{[%clk 0:00:42]} Qd3 {[%clk 0:00:52]} 38. Qf6 {[%clk 0:00:48]} Qd8
{[%clk 0:00:52]} 39. Qf4 {[%clk 0:00:43]} Qc7 {[%clk 0:00:45]} 40. Qh4
{[%clk 0:00:39]} Qd8 {[%clk 0:00:51]} 41. Qh6 {[%clk 0:26:58]} Qd4
{[%clk 0:28:31]} 42. Qg5 {[%clk 0:18:14]} Bf3 {[%clk 0:25:25]} 43. Qg3
{[%clk 0:16:44]} e5 {[%clk 0:21:33]} 44. Qe1 {[%clk 0:10:04]} e4 {[%clk 0:21:00]}
45. Rg5 {[%clk 0:08:05]} e3 {[%clk 0:16:36]} 46. Rg3 {[%clk 0:05:23]} e2
{[%clk 0:14:24]} 47. Rg1 {[%clk 0:02:21]} Rd8 {[%clk 0:12:54]} 48. Qb1
{[%clk 0:01:03]} Qxg1 {[%clk 0:12:54]} 49. Qxg1 {[%clk 0:01:16]} Rd1+
{[%clk 0:13:18]} 50. Nxd1 {[%clk 0:01:39]} exd1=Q+ {[%clk 0:13:42]} 51. Qxd1
{[%clk 0:02:03]} Bxd1 {[%clk 0:14:04]} 0-1

[Event "V4 OPEN - International Championship of Slovakia 2
[Site "Banska Stiavnica"]
[Date "2013.07.14"]
[Round "9"]
[Board "19"]
[White "Dzikowski, Michal"]
[Black "Mukashev, Assan"]
[Result "1/2-1/2"]
[WhiteElo "1904"]
[BlackElo "2247"]
[PlyCount "0"]
[EventDate "2013.07.06"]
[EventRounds "9"]
[EventCountry "SVK"]

1. b3 {[%clk 1:16:01]} e5 {[%clk 1:29:16]} 2. Bb2 {[%clk 1:16:25]} Nc6
{[%clk 1:29:41]} 3. e3 {[%clk 1:16:50]} d5 {[%clk 1:28:38]} 4. Bb5
{[%clk 1:16:37]} f6 {[%clk 1:27:45]} 5. c4 {[%clk 1:13:26]} Be6 {[%clk 1:27:55]}
6. Nc3 {[%clk 1:07:46]} Nge7 {[%clk 1:25:43]} 7. Nf3 {[%clk 1:03:48]} dxc4
{[%clk 1:25:07]} 8. Bxc4 {[%clk 1:03:46]} Bxc4 {[%clk 1:25:33]} 9. bxc4
{[%clk 1:04:12]} Qd3 {[%clk 1:25:12]} 10. Qb3 {[%clk 1:00:57]} Na5
{[%clk 1:19:46]} 11. Qa4+ {[%clk 0:59:28]} Nec6 {[%clk 1:20:14]} 12. Nb5
{[%clk 0:56:23]} O-O-O {[%clk 1:12:53]} 13. Nxa7+ {[%clk 0:55:13]} Kb8
{[%clk 1:13:22]} 14. Nxc6+ {[%clk 0:55:22]} Nxc6 {[%clk 1:13:50]} 15. Bc3
{[%clk 0:52:56]} Bc5 {[%clk 1:01:16]} 16. Qb5 {[%clk 0:50:36]} Bb6
{[%clk 1:01:41]} 17. Rb1 {[%clk 0:50:22]} Rhe8 {[%clk 1:01:43]} 18. a4
{[%clk 0:44:20]} Nd4 {[%clk 0:46:47]} 19. Bxd4 {[%clk 0:44:31]} exd4
{[%clk 0:47:13]} 20. c5 {[%clk 0:43:59]} Qxb5 {[%clk 0:40:32]} 21. Rxb5
{[%clk 0:43:45]} Ba7 {[%clk 0:40:55]} 22. c6 {[%clk 0:42:55]} Ka8
{[%clk 0:40:41]} 23. cxb7+ {[%clk 0:42:54]} Kb8 {[%clk 0:41:09]} 24. O-O
{[%clk 0:42:34]} dxe3 {[%clk 0:41:10]} 25. dxe3 {[%clk 0:41:26]} Re4
{[%clk 0:41:14]} 26. a5 {[%clk 0:38:43]} Ra4 {[%clk 0:41:42]} 27. g3
{[%clk 0:35:44]} c6 {[%clk 0:42:04]} 28. Rb2 {[%clk 0:31:05]} Rxa5
{[%clk 0:42:29]} 29. Rc1 {[%clk 0:31:18]} Ra6 {[%clk 0:38:05]} 1/2-1/2

[Event "V4 OPEN - International Championship of Slovakia 2
[Site "Banska Stiavnica"]
[Date "2013.07.14"]
[Round "9"]
[Board "20"]
[White "Peterson, Eric"]
[Black "Cech, Dominik"]
[Result "0-1"]
[WhiteElo "2239"]
[BlackElo "2094"]
[PlyCount "0"]
[EventDate "2013.07.06"]
[EventRounds "9"]
[EventCountry "SVK"]

1. e4 {[%clk 1:26:40]} c5 {[%clk 1:21:05]} 2. d4 {[%clk 1:26:52]} cxd4
{[%clk 1:21:07]} 3. c3 {[%clk 1:27:12]} Nf6 {[%clk 1:21:01]} 4. e5
{[%clk 1:27:37]} Nd5 {[%clk 1:21:15]} 5. Qxd4 {[%clk 1:27:55]} e6
{[%clk 1:20:07]} 6. Nf3 {[%clk 1:27:26]} Nc6 {[%clk 1:19:40]} 7. Qe4
{[%clk 1:27:48]} f5 {[%clk 1:19:00]} 8. Qe2 {[%clk 1:28:11]} Qc7 {[%clk 1:18:28]}
9. g3 {[%clk 1:28:18]} d6 {[%clk 1:17:35]} 10. exd6 {[%clk 1:28:30]} Bxd6
{[%clk 1:17:14]} 11. Bg2 {[%clk 1:28:47]} O-O {[%clk 1:16:08]} 12. O-O
{[%clk 1:28:47]} Nf6 {[%clk 1:14:31]} 13. Nbd2 {[%clk 1:28:21]} e5
{[%clk 1:10:56]} 14. Nc4 {[%clk 1:28:25]} e4 {[%clk 1:10:39]} 15. Nxd6
{[%clk 1:28:21]} Qxd6 {[%clk 1:03:42]} 16. Ng5 {[%clk 1:27:32]} h6
{[%clk 1:00:54]} 17. Qc4+ {[%clk 1:27:31]} Qd5 {[%clk 0:59:55]} 18. Qxd5+
{[%clk 1:27:41]} Nxd5 {[%clk 1:00:17]} 19. Nh3 {[%clk 1:28:02]} Ne5
{[%clk 0:55:40]} 20. Rd1 {[%clk 1:18:54]} Be6 {[%clk 0:27:46]} 21. Nf4
{[%clk 1:04:19]} Nxf4 {[%clk 0:28:08]} 22. Bxf4 {[%clk 1:04:25]} Nd3
{[%clk 0:26:46]} 23. Be3 {[%clk 0:55:16]} Nxb2 {[%clk 0:19:31]} 24. Rd6
{[%clk 0:44:03]} Rfe8 {[%clk 0:19:36]} 25. Bf1 {[%clk 0:43:21]} b6
{[%clk 0:09:32]} 26. Rb1 {[%clk 0:34:48]} Nd3 {[%clk 0:09:07]} 27. a4
{[%clk 0:31:04]} Rad8 {[%clk 0:08:37]} 28. Rxd8 {[%clk 0:30:03]} Rxd8
{[%clk 0:09:02]} 29. a5 {[%clk 0:29:39]} bxa5 {[%clk 0:07:13]} 30. Bxa7
{[%clk 0:25:28]} a4 {[%clk 0:05:34]} 31. Ra1 {[%clk 0:21:06]} Bb3
{[%clk 0:05:19]} 32. Bd4 {[%clk 0:19:06]} Ra8 {[%clk 0:04:49]} 33. f3
{[%clk 0:19:05]} a3 {[%clk 0:04:01]} 34. fxe4 {[%clk 0:18:42]} fxe4
{[%clk 0:04:23]} 35. Bg2 {[%clk 0:18:54]} Bd5 {[%clk 0:03:53]} 36. c4
{[%clk 0:18:53]} Bc6 {[%clk 0:04:02]} 37. Bc3 {[%clk 0:17:34]} Ra4
{[%clk 0:03:17]} 38. Bf1 {[%clk 0:16:28]} a2 {[%clk 0:02:26]} 39. Bxd3
{[%clk 0:15:43]} exd3 {[%clk 0:02:51]} 40. Bd2 {[%clk 0:14:31]} Bd7
{[%clk 0:02:16]} 41. Kf2 {[%clk 0:12:09]} Be6 {[%clk 0:24:54]} 42. c5
{[%clk 0:42:39]} Re4 {[%clk 0:22:29]} 43. Be3 {[%clk 0:41:51]} Rb4
{[%clk 0:22:15]} 44. c6 {[%clk 0:37:22]} Rb1 {[%clk 0:17:38]} 45. Bd4
{[%clk 0:37:31]} d2 {[%clk 0:17:55]} 0-1